Statistics for Top Goalscorers At the UEFA EUROs

Click here to take the quiz!

General Stats

  • This quiz has been taken 202 times
  • The average score is 17 of 68

Answer Stats

Answer% Correct
Cristiano Ronaldo
99%
Antoine Griezmann
95%
Gareth Bale
85%
Gerd Müller
76%
David Villa
75%
Dieter Müller
73%
Fernando Torres
73%
Olivier Giroud
69%
Mario Mandžukić
59%
Wayne Rooney
52%
Michel Platini
51%
Alan Shearer
49%
Marco van Basten
48%
Ruud van Nistelrooy
48%
Mario Gomez
46%
Nani
46%
Mario Balotelli
44%
Álvaro Morata
43%
Brian Laudrup
40%
Davor Šuker
40%
Dmitri Payet
38%
Hristo Stoichkov
35%
Patrick Kluivert
35%
Dennis Bergkamp
34%
Milan Baroš
32%
Jürgen Klinsmann
30%
Lukas Podolski
29%
Rudi Völler
27%
Nuno Gomes
18%
Alan Dzagoev
17%
Tomas Brolin
17%
Bobby Charlton
15%
Karl-Heinz Riedle
12%
Geoff Hurst
10%
Roman Pavlyuchenko
10%
Savo Milošević
10%
Lajos Kű
9%
Henrik Larsen
8%
Preben Elkjær
8%
Hakan Yakin
5%
Horst Hrubesch
5%
Luigi Riva
5%
Semih Şentürk
5%
Klaus Allofs
4%
Angelo Domenghini
2%
Antonio Maceda
2%
Dragan Džajić
2%
Ferenc Bene
2%
Jean-François Domergue
2%
Kees Kist
2%
Oleh Protasov
2%
Paul Van Himst
2%
Rui Jordão
2%
Viktor Ponedelnik
2%
Anatoliy Konkov
1%
Dezső Novák
1%
Dražan Jerković
1%
François Heutte
1%
Frank Arnesen
1%
Herbert Wimmer
1%
Jesús María "Chus" Pereda
1%
Odilon Polleunis
1%
Pietro Anastasi
1%
Raoul Lambert
1%
Ruud Geels
1%
Valentin Ivanov
1%
Zdeněk Nehoda
1%
Milan Galić
0%

Score Distribution

Percentile by Number Answered

Percent of People with Each Score

Your Score History

You have not taken this quiz